[Event "Llinars del Valles op 4th"]
[Site "Llinars del Valles"]
[Date "2024.06.27"]
[Round "3"]
[White "Argemi Camp, Jaume"]
[Black "Garcia Extremera, Manuel"]
[Result "1-0"]
[WhiteElo "1715"]
[BlackElo "1584"]
[PlyCount "91"]
[EventDate "2024.06.25"]
[EventType "swiss"]
[EventRounds "9"]
[EventCountry "ESP"]
[SourceTitle "CBM 221 Extra"]
[Source "ChessBase"]
[SourceDate "2024.09.30"]
[SourceVersion "1"]
[SourceVersionDate "2024.09.30"]
[SourceQuality "1"]

1. d3 d5 2. g3 Nc6 3. Bg2 e5 4. Nf3 Nf6 5. a3 Bd6 6. Bg5 Be6 7. Nc3 a6 8. e4 d4 9. Ne2 Qe7 10. Nh4 h6 11. Bd2 Bg4 12. Nf3 0-0-0 13. Nh4 g6 14. Nf3 g5 15. Qb1 Nd7 16. 0-0 Bxf3 17. Bxf3 Rdf8 18. b4 b5 19. Nc1 f5 20. exf5 Rxf5 21. Bxc6 Nf6 22. Be4 Nxe4 23. dxe4 Rf3 24. Qa2 c6 25. a4 Bxb4 26. Bxb4 Qxb4 27. axb5 Qxb5 28. Qxa6+ Qxa6 29. Rxa6 Kb7 30. Ra5 Re8 31. Nd3 Kb6 32. Ra2 c5 33. Rb1+ Kc6 34. Kg2 g4 35. Ra6+ Kc7 36. Nxc5 Rb8 37. Rxb8 Kxb8 38. Nd7+ Kb7 39. Rxh6 Rc3 40. Nxe5 Rxc2 41. Rd6 Rc5 42. Nxg4 Rc4 43. Ne5 Rb4 44. Nd3 Rc4 45. Rd7+ Kc6 46. Ne5+ 1-0

[Event "Llinars del Valles Seniors op 2nd"]
[Site "Llinars del Valles"]
[Date "2024.05.08"]
[Round "4"]
[White "Colome Rovira, Oscar"]
[Black "Argemi Camp, Jaume"]
[Result "1-0"]
[WhiteElo "1825"]
[BlackElo "1720"]
[PlyCount "131"]
[EventDate "2024.04.10"]
[EventType "swiss"]
[EventRounds "7"]
[EventCountry "ESP"]
[SourceTitle "CBM 220 Extra"]
[Source "ChessBase"]
[SourceDate "2024.07.31"]
[SourceVersion "1"]
[SourceVersionDate "2024.07.31"]
[SourceQuality "1"]

1. d4 d6 2. c4 g6 3. b3 Bg7 4. Bb2 Nf6 5. g3 Nc6 6. Bg2 Bd7 7. Nf3 Bg4 8. 0-0 0-0 9. Nc3 a6 10. Qd2 e5 11. dxe5 dxe5 12. Qe3 Nd4 13. Rad1 Nd7 14. Ne4 Nxf3+ 15. exf3 Be6 16. Nc5 Qc8 17. Nxe6 fxe6 18. f4 c6 19. fxe5 Qc7 20. Rd6 Rfe8 21. Rfd1 Nf8 22. Qc5 Qf7 23. Be4 Rab8 24. Bc1 Rec8 25. f4 b6 26. Qa3 Qb7 27. b4 b5 28. c5 Ra8 29. Qf3 Qa7 30. Bxc6 Rab8 31. Bd7 Rc7 32. Bxe6+ Nxe6 33. Rxe6 a5 34. Qd5 Kh8 35. a3 axb4 36. axb4 Qa4 37. Qd4 Qb3 38. Rd6 Rcc8 39. c6 Bf8 40. Bb2 Qc4 41. e6+ Qxd4+ 42. Bxd4+ Kg8 43. Rd7 Re8 44. c7 Rbc8 45. Bb6 Bxb4 46. Rd8 Be7 47. Rxe8+ Rxe8 48. Rd8 Bxd8 49. cxd8Q Rxd8 50. Bxd8 b4 51. Bf6 b3 52. Kf2 Kf8 53. Ke2 b2 54. Bxb2 Ke7 55. Ke3 Kxe6 56. Ke4 h6 57. g4 Kf7 58. h4 Kg8 59. Kd5 Kf7 60. Kd6 Kg8 61. Ke7 Kh7 62. h5 Kg8 63. f5 Kh7 64. hxg6+ Kg8 65. f6 h5 66. f7# 1-0

[Event "Llinars del Valles Seniors op 2nd"]
[Site "Llinars del Valles"]
[Date "2024.04.17"]
[Round "2"]
[White "Batista Perez, Carlos"]
[Black "Argemi Camp, Jaume"]
[Result "0-1"]
[WhiteElo "1854"]
[BlackElo "1720"]
[PlyCount "130"]
[EventDate "2024.04.10"]
[EventType "swiss"]
[EventRounds "7"]
[EventCountry "ESP"]
[SourceTitle "CBM 220 Extra"]
[Source "ChessBase"]
[SourceDate "2024.07.31"]
[SourceVersion "1"]
[SourceVersionDate "2024.07.31"]
[SourceQuality "1"]

1. d4 d6 2. e4 g6 3. f4 Bg7 4. Be2 a6 5. Nf3 Nc6 6. Nc3 e5 7. Be3 Bd7 8. Qd2 Bg4 9. fxe5 Bxf3 10. Bxf3 dxe5 11. d5 Nd4 12. 0-0-0 Qf6 13. Rhf1 Qh4 14. g3 Qh3 15. Bh1 Nf6 16. Qf2 0-0 17. Bg2 Qd7 18. h3 a5 19. Ne2 Nxe2+ 20. Qxe2 Qa4 21. Bg5 Nh5 22. Rd3 Rae8 23. Kb1 Qb5 24. Qd2 a4 25. a3 Qd7 26. Qf2 b5 27. Qc5 f6 28. Bd2 Rb8 29. Bb4 Rf7 30. Rfd1 Bf8 31. Qa7 Rd8 32. Bxf8 Kxf8 33. Qc5+ Kg7 34. d6 c6 35. Rc3 Rc8 36. Bf1 Rff8 37. Be2 Kh8 38. Bxh5 gxh5 39. h4 Qg4 40. Re1 Rfd8 41. Rd3 Rd7 42. Qf2 Qe6 43. Qc5 Kg7 44. Red1 Qg4 45. Qe3 Rcd8 46. Ka2 Qe6+ 47. Ka1 Rxd6 48. Rxd6 Rxd6 49. Rf1 Qc4 50. Rc1 Qe6 51. Kb1 Qg4 52. c3 Qd7 53. Qe2 Kg6 54. Kc2 Qg4 55. Qe3 Qh3 56. Kb1 Qg2 57. Rg1 Qd2 58. Re1 Qd3+ 59. Kc1 Qxe3+ 60. Rxe3 f5 61. exf5+ Kxf5 62. Kc2 e4 63. Re1 Rd3 64. Rf1+ Ke5 65. Rg1 Rf3 0-1

[Event "Barcelona Sant Marti op-B 23rd"]
[Site "Barcelona"]
[Date "2023.07.21"]
[Round "9"]
[White "Argemi Camp, Jaume"]
[Black "Rebull Camarasa, Ramon"]
[Result "0-1"]
[WhiteElo "1638"]
[BlackElo "1823"]
[PlyCount "86"]
[EventDate "2023.07.13"]
[EventType "swiss"]
[EventRounds "9"]
[EventCountry "ESP"]
[SourceTitle "CBM 215 Extra"]
[Source "ChessBase"]
[SourceDate "2023.09.30"]
[SourceVersion "1"]
[SourceVersionDate "2023.09.30"]
[SourceQuality "1"]

1. d3 f5 2. g3 Nf6 3. Bg2 g6 4. Nf3 d6 5. Nc3 Bg7 6. Bd2 0-0 7. a3 e5 8. Ng5 h6 9. Nf3 c6 10. Qc1 Kh7 11. Be3 Nh5 12. Qb1 Qf6 13. Bd2 f4 14. Ne4 Qe7 15. Qa2 Be6 16. b3 Nd7 17. 0-0-0 a5 18. Bc3 a4 19. Qb2 axb3 20. cxb3 Ra6 21. d4 Rfa8 22. a4 b5 23. dxe5 d5 24. Ned2 bxa4 25. bxa4 Rxa4 26. Nd4 Bxe5 27. N4b3 Ra2 28. Bxe5 Rxb2 29. Bxb2 c5 30. Rhe1 c4 31. Nd4 Qb4 32. Nb1 Rb8 33. Rd2 Nc5 34. Nc6 Nb3+ 35. Kd1 Qa4 36. Nxb8 Nxd2+ 37. Kxd2 Qb4+ 38. Bc3 Qxb8 39. e4 fxe3+ 40. Rxe3 Qxb1 41. Bxd5 Bxd5 42. Re7+ Kg8 43. Ke3 Qd3# 0-1

[Event "Roncana op-B 14th"]
[Site "Santa Eulalia de Roncana"]
[Date "2022.11.05"]
[Round "4"]
[White "Argemi Camp, Jaume"]
[Black "Berrozpe Gonzalez, Marc"]
[Result "1/2-1/2"]
[WhiteElo "1572"]
[BlackElo "1459"]
[PlyCount "118"]
[EventDate "2022.10.08"]
[EventType "swiss"]
[EventRounds "8"]
[EventCountry "ESP"]
[SourceTitle "EXT 2024"]
[Source "ChessBase"]
[SourceDate "2023.10.10"]
[SourceVersion "1"]
[SourceVersionDate "2023.10.10"]
[SourceQuality "1"]

1. d3 d5 2. g3 Nf6 3. Bg2 e5 4. Nf3 Nbd7 5. 0-0 Be7 6. Nc3 c6 7. e4 d4 8. Ne2 0-0 9. Bg5 h6 10. Bd2 Re8 11. Qc1 Kh7 12. Nh4 Nf8 13. Nf3 Qc7 14. a4 a5 15. Nh4 Bd7 16. Nf3 b6 17. c3 dxc3 18. Bxc3 Ng6 19. Nd2 Kg8 20. Nc4 Bb4 21. Ne3 Rad8 22. Qc2 Bf8 23. Nc4 Bc5 24. Qd2 Be6 25. Ne3 Bd4 26. Rfc1 Qd7 27. Bxd4 exd4 28. Nc4 Bxc4 29. Rxc4 c5 30. Rcc1 Ne5 31. h3 Nc6 32. Nf4 Nb4 33. Re1 Nh7 34. g4 Ng5 35. f3 Ne6 36. Nh5 Qe7 37. Ng3 Qd6 38. e5 Qe7 39. Nf5 Qg5 40. Qxg5 Nxg5 41. Rad1 Ne6 42. Nd6 Re7 43. Nc4 Rb8 44. Re4 Ng5 45. Ree1 Ne6 46. Kh2 Nf4 47. Bf1 g6 48. Kg3 Nfd5 49. f4 Nc2 50. Re2 Nce3 51. Rde1 Nxc4 52. dxc4 Ne3 53. b3 Kg7 54. Bg2 Nxg2 55. Kxg2 Rbe8 56. Kf3 Kg8 57. h4 Kg7 58. Re4 Kg8 59. f5 Kh7 1/2-1/2

[Event "Vall del Tenes op 8th"]
[Site "Vall del Tenes"]
[Date "2019.06.21"]
[Round "8"]
[White "Argemi Camp, Jaume"]
[Black "Bellpuig Mencos, Gerard"]
[Result "1-0"]
[WhiteElo "1651"]
[BlackElo "1678"]
[PlyCount "133"]
[EventDate "2019.04.26"]
[EventType "swiss"]
[EventRounds "8"]
[EventCountry "ESP"]
[SourceTitle "EXT 2020"]
[Source "ChessBase"]
[SourceDate "2019.10.17"]
[SourceVersion "1"]
[SourceVersionDate "2019.10.17"]
[SourceQuality "1"]

1. e4 c5 2. g3 e6 3. Bg2 Nc6 4. d3 Nf6 5. Nf3 d6 6. 0-0 Be7 7. a4 0-0 8. Nbd2 e5 9. Nc4 Be6 10. Ne3 h6 11. Bd2 d5 12. exd5 Nxd5 13. Nc4 Qc7 14. Re1 Bf6 15. Rb1 Rfe8 16. Na3 a6 17. Nc4 b5 18. axb5 axb5 19. Na3 Rab8 20. Qc1 Bf5 21. Qd1 e4 22. dxe4 Rxe4 23. Rxe4 Bxe4 24. Qe2 Qe7 25. Qd1 Nd4 26. Nxd4 Bxd4 27. Qe1 Bxg2 28. Qxe7 Nxe7 29. Kxg2 Nc6 30. c3 Bf6 31. Bf4 Rb7 32. Be3 b4 33. cxb4 cxb4 34. Nc4 b3 35. Rd1 Rb4 36. Rc1 Ne5 37. Nxe5 Bxe5 38. Rb1 Rc4 39. Rc1 Ra4 40. Rb1 f5 41. Kf3 g5 42. Ke2 Kf7 43. Bd2 Ke6 44. Bc3 Kd5 45. Kd3 Ra6 46. Re1 Bxc3 47. Kxc3 Rb6 48. f4 gxf4 49. gxf4 Rb5 50. Re5+ Kc6 51. Rxb5 Kxb5 52. Kxb3 h5 53. h4 Kc5 54. Kc3 Kd5 55. Kd3 Kc5 56. b3 Kb4 57. Kd4 Kxb3 58. Ke5 Kc4 59. Kxf5 Kd4 60. Ke6 Ke4 61. f5 Kf4 62. f6 Kg4 63. f7 Kxh4 64. f8Q Kg3 65. Qg7+ Kh3 66. Qg5 h4 67. Kf5 1-0

[Event "Llinars del Valles op-B 13th"]
[Site "Llinars del Valles"]
[Date "2019.06.08"]
[Round "7"]
[White "Beltran Vidal, Daniel"]
[Black "Argemi Camp, Jaume"]
[Result "1/2-1/2"]
[WhiteElo "1652"]
[BlackElo "1649"]
[PlyCount "188"]
[EventDate "2019.03.30"]
[EventType "swiss"]
[EventRounds "8"]
[EventCountry "ESP"]
[SourceTitle "EXT 2021"]
[Source "ChessBase"]
[SourceDate "2020.10.23"]
[SourceVersion "1"]
[SourceVersionDate "2020.10.23"]
[SourceQuality "1"]

1. Nf3 d6 2. c4 g6 3. d4 e6 4. e4 Bg7 5. Nc3 Qd7 6. Bf4 Nf6 7. h3 0-0 8. Qd2 Qe7 9. Bg5 Qd7 10. Bd3 Nc6 11. Bh6 e5 12. d5 Nb4 13. Bb1 a5 14. 0-0 Na6 15. Re1 Nc5 16. Bc2 Nh5 17. Ne2 Qe7 18. Bxg7 Kxg7 19. Qe3 Bd7 20. Nh2 a4 21. f4 exf4 22. Nxf4 Nxf4 23. Qxf4 Rae8 24. Nf3 Qf6 25. Qxf6+ Kxf6 26. Re3 Kg7 27. Rae1 f6 28. Nd4 Ra8 29. a3 Rfe8 30. Kf2 Rf8 31. Kg3 Rfe8 32. Bd1 Re5 33. Nf3 Re7 34. Nd2 Rae8 35. Kf2 Re5 36. Bc2 R5e7 37. Nf3 b5 38. cxb5 Bxb5 39. Nd4 Bd7 40. b4 axb3 41. Nxb3 Nxb3 42. Rxb3 Ba4 43. Rc3 Ra8 44. Bd3 Ra7 45. Rec1 Be8 46. Kf3 Bf7 47. Bb5 f5 48. Bc6 Rxe4 49. a4 Rd4 50. Ke3 Re4+ 51. Kd3 Ra5 52. Bb5 Bxd5 53. Rxc7+ Kh6 54. Rd7 Re6 55. Rcc7 Bxg2 56. Rxh7+ Kg5 57. Rc1 Kf6 58. Rg1 Bf3 59. Kc3 Ra8 60. Rc7 Re5 61. Kb4 Rb8 62. Rgc1 Be2 63. Rc8 Rb6 64. R1c6 Rxc6 65. Rxc6 Ke7 66. Rc3 Re4+ 67. Ka5 Bd1 68. Ra3 f4 69. Kb6 Rb4 70. Kc7 f3 71. Re3+ Kf6 72. Kxd6 f2 73. Re8 Kg7 74. Bf1 Bxa4 75. Re2 Rf4 76. Rb2 Kf6 77. Ra2 Bb3 78. Rd2 Kg5 79. Ke5 Rf8 80. Rb2 Bd1 81. Ke4 Re8+ 82. Kd3 Rf8 83. Ke3 Rf3+ 84. Ke4 Rf4+ 85. Ke3 Rf3+ 86. Ke4 Kh4 87. Rd2 Rf8 88. Rxd1 Re8+ 89. Kd3 Re1 90. Kd2 Rxd1+ 91. Kxd1 Kg3 92. Ke2 g5 93. Ke3 g4 94. hxg4 Kxg4 1/2-1/2

[Event "Llinars del Valles op-B 13th"]
[Site "Llinars del Valles"]
[Date "2019.05.18"]
[Round "5"]
[White "Parra Ordorica, Arnau"]
[Black "Argemi Camp, Jaume"]
[Result "1-0"]
[WhiteElo "1641"]
[BlackElo "1649"]
[PlyCount "101"]
[EventDate "2019.03.30"]
[EventType "swiss"]
[EventRounds "8"]
[EventCountry "ESP"]
[SourceTitle "EXT 2020"]
[Source "ChessBase"]
[SourceDate "2019.10.17"]
[SourceVersion "1"]
[SourceVersionDate "2019.10.17"]
[SourceQuality "1"]

1. e4 g6 2. d4 Bg7 3. Nf3 b6 4. Nc3 Bb7 5. h4 h5 6. Bf4 d6 7. Bd3 Nd7 8. Qd2 Ngf6 9. 0-0-0 e5 10. dxe5 dxe5 11. Nxe5 Nxe5 12. Bxe5 Qe7 13. Bg3 0-0 14. f3 a5 15. Bc4 a4 16. a3 Qc5 17. Qe2 Ne8 18. Bf2 Qe7 19. Bd4 Bh6+ 20. Kb1 Nd6 21. Nd5 Bxd5 22. Bxd5 Ra5 23. Qf2 Nb5 24. Qg3 Kh7 25. Qe5 Nxa3+ 26. bxa3 Qxa3 27. Bb2 Rb5 28. Rd3 Qb4 29. Qc3 Qxc3 30. Rxc3 Bg7 31. Ka2 Bxc3 32. Bxc3 c6 33. Bxc6 Rc5 34. Bb4 Rxc6 35. Bxf8 Rxc2+ 36. Ka3 Rxg2 37. Kxa4 Rf2 38. Rh3 Kg8 39. Be7 Kg7 40. Bd8 Rb2 41. Ka3 Rb1 42. f4 b5 43. e5 Rf1 44. Bg5 Ra1+ 45. Kb4 Rb1+ 46. Rb3 Rd1 47. Kxb5 Rd7 48. Kc6 Rd1 49. Rb8 Rd3 50. Bf6+ Kh6 51. Rh8# 1-0

[Event "Barcelona Sant Marti op 8th"]
[Site "Barcelona"]
[Date "2019.03.14"]
[Round "9"]
[White "Argemi Camp, Jaume"]
[Black "Romero Funieles, Rafael de Jesus"]
[Result "0-1"]
[WhiteElo "1618"]
[BlackElo "1588"]
[PlyCount "98"]
[EventDate "2019.01.17"]
[EventType "swiss"]
[EventRounds "9"]
[EventCountry "ESP"]
[SourceTitle "CBM 189 Extra"]
[Source "ChessBase"]
[SourceDate "2019.05.31"]
[SourceVersion "1"]
[SourceVersionDate "2019.05.31"]
[SourceQuality "1"]

1. e4 e6 2. g3 Bc5 3. Bg2 Nc6 4. d3 Qf6 5. Nf3 Nd4 6. 0-0 e5 7. c3 Nxf3+ 8. Qxf3 d6 9. Qxf6 Nxf6 10. a4 a5 11. Nd2 Bg4 12. Re1 0-0 13. Nc4 Bd7 14. Be3 Be6 15. Bxc5 Bxc4 16. Bxd6 cxd6 17. dxc4 Rfc8 18. b3 Rc6 19. Rad1 Nd7 20. Bh3 Nc5 21. Rb1 Rb6 22. Red1 Nxe4 23. Rd3 f5 24. Bg2 Nc5 25. Rd5 e4 26. Rbd1 Rxb3 27. Rxd6 Rxc3 28. Ra1 Rxc4 29. Rd5 b6 30. Rd6 Nxa4 31. Bf1 Rb4 32. Rad1 h6 33. Kg2 Nb2 34. Rc1 a4 35. Rc7 Kh8 36. Rdd7 Rg8 37. Ra7 Nc4 38. h4 b5 39. h5 Rb2 40. Bxc4 bxc4 41. Rxa4 e3 42. Rxc4 Rxf2+ 43. Kg1 Rb8 44. Rc1 Rbb2 45. Re7 Rg2+ 46. Kh1 Rh2+ 47. Kg1 Rbg2+ 48. Kf1 Rxg3 49. Rcc7 Rf2+ 0-1

[Event "Roncana op-B 11th"]
[Site "Santa Eulalia de Roncana"]
[Date "2017.10.28"]
[Round "5.5"]
[White "Salinas Tomas, Daniel"]
[Black "Argemi Camp, Jaume"]
[Result "1/2-1/2"]
[WhiteElo "1420"]
[BlackElo "1620"]
[PlyCount "157"]
[EventDate "2017.09.23"]
[EventType "swiss"]
[EventRounds "8"]
[EventCountry "ESP"]
[SourceTitle "EXT 2024"]
[Source "ChessBase"]
[SourceDate "2023.10.10"]
[SourceVersion "1"]
[SourceVersionDate "2023.10.10"]
[SourceQuality "1"]

1. e4 e6 2. d3 g6 3. Nf3 d6 4. Be2 Bg7 5. c3 c6 6. 0-0 Qc7 7. Bf4 e5 8. Be3 Nf6 9. h3 0-0 10. Qd2 Nbd7 11. Bh6 a5 12. Bxg7 Kxg7 13. Re1 a4 14. Bf1 Nh5 15. g3 Qb6 16. Kh2 Nhf6 17. Na3 Qc7 18. Nc2 Nc5 19. Bg2 Qb6 20. Ne3 Qa6 21. Rad1 Qb6 22. Qe2 Nh5 23. Nd2 Qd8 24. d4 Ne6 25. d5 Nc5 26. dxc6 bxc6 27. Ndc4 Ba6 28. Qc2 Qc7 29. Nxd6 Nf6 30. f4 exf4 31. gxf4 Ne6 32. f5 Nf4 33. e5 N6h5 34. f6+ Kh8 35. Bf3 Bc8 36. Bg4 Bd7 37. Qe4 Rab8 38. Rd2 Ra8 39. Ng2 Nxg2 40. Rxg2 Nxf6 41. Qd4 Nxg4+ 42. hxg4 Be6 43. Kg3 Qe7 44. Rh2 Kg7 45. Reh1 h5 46. gxh5 Qg5+ 47. Kf2 Rh8 48. hxg6 Rxh2+ 49. Rxh2 fxg6 50. Qe3 Rf8+ 51. Ke2 Qxe3+ 52. Kxe3 Bxa2 53. Kd4 Bd5 54. Kc5 g5 55. c4 Bf3 56. e6 Kf6 57. Rh6+ Ke7 58. Rg6 g4 59. Nb7 Rb8 60. Na5 Rxb2 61. Nxc6+ Bxc6 62. Kxc6 a3 63. Rxg4 a2 64. Rg7+ Kxe6 65. Ra7 Ke5 66. Kc5 Ke4 67. Ra3 Ke5 68. Kc6 Kd4 69. c5 Rc2 70. Kd6 Kc4 71. c6 Kb4 72. Ra8 Kb3 73. c7 Kb2 74. Kd7 Rd2+ 75. Kc6 Rc2+ 76. Kd7 Rc3 77. Rxa2+ Kxa2 78. c8Q Rxc8 79. Kxc8 1/2-1/2

[Event "Vall del Tenes op 6th"]
[Site "Santa Eulalia de Roncana"]
[Date "2017.04.28"]
[Round "2"]
[White "Argemi Camp, Jaume"]
[Black "Centelles Vivas, Aleix"]
[Result "1/2-1/2"]
[WhiteElo "1617"]
[BlackElo "1847"]
[PlyCount "79"]
[EventDate "2017.04.21"]
[EventType "swiss"]
[EventRounds "8"]
[EventCountry "ESP"]
[SourceTitle "CBM 189 Extra"]
[Source "ChessBase"]
[SourceDate "2019.05.31"]
[SourceVersion "1"]
[SourceVersionDate "2019.05.31"]
[SourceQuality "1"]

1. e4 e5 2. g3 d5 3. exd5 Qxd5 4. Qf3 Be6 5. Bg2 Qxf3 6. Nxf3 Nc6 7. 0-0 f6 8. d3 0-0-0 9. a4 g5 10. a5 a6 11. Be3 Bb4 12. Bd2 Bxd2 13. Nbxd2 Nge7 14. Ne4 Nd5 15. c3 h6 16. Nc5 Bf5 17. Rfd1 h5 18. h4 Rhg8 19. Ne1 gxh4 20. gxh4 Rg4 21. Ra4 Nf4 22. f3 Rg3 23. Kh2 Rdg8 24. Rd2 Ne7 25. Ne4 Bxe4 26. dxe4 Nxg2 27. Rxg2 Rxg2+ 28. Nxg2 Rd8 29. Ra3 Ng6 30. Kg3 Rd2 31. b4 c6 32. Rb3 Kc7 33. c4 Ra2 34. c5 Rd2 35. Rb1 Kd7 36. Rb3 Ke6 37. Rb1 Kd7 38. Rb3 Ke6 39. Rb1 Kd7 40. Rb3 1/2-1/2

[Event "Roncana op-A 10th"]
[Site "Santa Eulalia de Roncana"]
[Date "2016.10.22"]
[Round "5"]
[White "Argemi Camp, Jaume"]
[Black "Parra Ordorica, Gorka"]
[Result "0-1"]
[WhiteElo "1629"]
[BlackElo "1490"]
[PlyCount "154"]
[EventDate "2016.09.24"]
[EventType "swiss"]
[EventRounds "8"]
[EventCountry "ESP"]
[SourceTitle "EXT 2018"]
[Source "ChessBase"]
[SourceDate "2017.10.13"]
[SourceVersion "1"]
[SourceVersionDate "2017.10.13"]
[SourceQuality "1"]

1. e4 c5 2. g3 e6 3. Bg2 Nf6 4. d3 d5 5. exd5 exd5 6. Nf3 Nc6 7. 0-0 Be7 8. a4 0-0 9. c3 Bf5 10. d4 b6 11. Nh4 Be6 12. Nf3 Qd7 13. Bg5 Rac8 14. dxc5 bxc5 15. Nbd2 h6 16. Be3 Bh3 17. Nb3 Bxg2 18. Kxg2 Nd8 19. a5 Ne6 20. Nh4 Rb8 21. Rb1 d4 22. Nf5 Qd5+ 23. Qf3 Qxf3+ 24. Kxf3 Rfe8 25. Nbxd4 cxd4 26. cxd4 Rb5 27. Nxe7+ Rxe7 28. b4 Reb7 29. a6 Rb8 30. Rfc1 Rxb4 31. Rxb4 Rxb4 32. Rc8+ Kh7 33. Ra8 Nxd4+ 34. Bxd4 Rxd4 35. Rxa7 Ra4 36. Ra8 Nd5 37. Ra7 f6 38. Rd7 Nb4 39. Rd4 Ra3+ 40. Kg4 Nxa6 41. f4 Nc7 42. h4 Ra5 43. f5 Nd5 44. Kf3 Ne7 45. g4 h5 46. Rf4 Ra3+ 47. Kf2 hxg4 48. Rxg4 Nxf5 49. Rf4 Ne7 50. Kg2 Kh6 51. Re4 Ng6 52. Re8 Nxh4+ 53. Kh2 Kg5 54. Re7 g6 55. Rc7 f5 56. Rc5 Kg4 57. Rc4+ f4 58. Rc1 Rb3 59. Rg1+ Rg3 60. Rd1 Nf3+ 61. Kh1 Rh3+ 62. Kg2 Rh2+ 63. Kf1 Rh1+ 64. Ke2 Rxd1 65. Kxd1 Kg3 66. Ke2 Nh2 67. Ke1 f3 68. Kd2 f2 69. Ke3 f1Q 70. Ke4 Qf5+ 71. Ke3 Qf4+ 72. Ke2 Qf3+ 73. Ke1 Qf2+ 74. Kd1 Qb2 75. Ke1 Kf3 76. Kd1 Ke3 77. Ke1 Qc1# 0-1

[Event "Roncana op-A 10th"]
[Site "Santa Eulalia de Roncana"]
[Date "2016.09.24"]
[Round "1"]
[White "Argemi Camp, Jaume"]
[Black "Deulonder Camins, Xavier"]
[Result "0-1"]
[WhiteElo "1629"]
[BlackElo "1906"]
[PlyCount "202"]
[EventDate "2016.09.24"]
[EventType "swiss"]
[EventRounds "8"]
[EventCountry "ESP"]
[SourceTitle "EXT 2018"]
[Source "ChessBase"]
[SourceDate "2017.10.13"]
[SourceVersion "1"]
[SourceVersionDate "2017.10.13"]
[SourceQuality "1"]

1. e4 e5 2. g3 Nf6 3. d3 Be7 4. Bg2 0-0 5. Nf3 Nc6 6. 0-0 d6 7. c3 Be6 8. a4 Na5 9. Nbd2 c5 10. Ng5 Bg4 11. Qc2 h6 12. Ngf3 Nc6 13. Qb3 Qb6 14. a5 Qxb3 15. Nxb3 Be6 16. Nbd2 b5 17. Nh4 b4 18. c4 Rfd8 19. Nhf3 Rab8 20. Nb3 Bf8 21. Nh4 g6 22. Nf3 Bg7 23. Be3 Nd4 24. Nfxd4 exd4 25. Bf4 g5 26. Bd2 Nd7 27. a6 Ne5 28. Na5 Rb6 29. Nb7 Rf8 30. f4 gxf4 31. Bxf4 Bc8 32. Bxe5 Bxe5 33. b3 Bxb7 34. axb7 Rxb7 35. Ra6 Ra8 36. Rfa1 Kf8 37. R1a5 Ke8 38. Bh3 Kd8 39. Rc6 Rc7 40. Rca6 f6 41. Be6 Ke7 42. Bd5 Rac8 43. Rxa7 Kd7 44. R5a6 Rxa7 45. Rxa7+ Rc7 46. Ra2 Ke7 47. g4 Kf8 48. Ra8+ Kg7 49. h3 Kg6 50. Kg2 Kg5 51. Kf3 Kg6 52. Ra6 h5 53. Be6 hxg4+ 54. Bxg4 Kg7 55. Ra8 Re7 56. h4 f5 57. Bxf5 Kh6 58. Rg8 Kh5 59. Bg4+ Kxh4 60. Bf5 Ra7 61. Rg2 Ra1 62. Rb2 Re1 63. Kf2 Bg3+ 64. Kg2 Rd1 65. Ra2 Rxd3 66. e5 Rxb3 67. e6 Re3 68. Ra7 Kg5 69. Bh3 d3 70. Rg7+ Kf6 71. Rf7+ Kg6 72. Bf5+ Kg5 73. e7 d2 74. Bc2 Bh4 75. Rf5+ Kg4 76. Rd5 Bxe7 77. Rxd2 Kf4 78. Rf2+ Ke5 79. Rf5+ Kd4 80. Rf4+ Kc3 81. Kf2 Re5 82. Bd1 Bg5 83. Rf3+ Kxc4 84. Be2+ Rxe2+ 85. Kxe2 d5 86. Kd1 b3 87. Rg3 Bf6 88. Rg4+ Bd4 89. Kc1 Kd3 90. Rg3+ Be3+ 91. Kb2 c4 92. Rh3 d4 93. Rg3 c3+ 94. Kxb3 c2 95. Rxe3+ dxe3 96. Kb4 c1Q 97. Kb3 e2 98. Kb4 e1Q+ 99. Kb5 Qec3 100. Kb6 Qb3+ 101. Ka6 Qa1# 0-1

[Event "Vall del Tenes op 5th"]
[Site "Vall del Tenes"]
[Date "2016.06.03"]
[Round "7"]
[White "Lopez Torralba, Oscar"]
[Black "Argemi Camp, Jaume"]
[Result "0-1"]
[WhiteElo "1813"]
[BlackElo "1630"]
[PlyCount "107"]
[EventDate "2016.04.08"]
[EventType "swiss"]
[EventRounds "8"]
[EventCountry "ESP"]
[SourceTitle "CBM 172 Extra"]
[Source "ChessBase"]
[SourceDate "2016.06.21"]
[SourceVersion "1"]
[SourceVersionDate "2016.06.21"]
[SourceQuality "1"]

1. e4 e5 2. Nf3 d6 3. Nc3 g6 4. Be2 Bg7 5. 0-0 Nf6 6. d3 0-0 7. Bg5 c6 8. a4 a5 9. Qd2 Qb6 10. Rab1 Nbd7 11. Na2 d5 12. Bh6 dxe4 13. Bxg7 Kxg7 14. Ng5 exd3 15. Bxd3 Nc5 16. Nc3 Nxd3 17. Qxd3 Bf5 18. Qe2 Qc7 19. Rbd1 h6 20. Nf3 Rae8 21. h3 e4 22. Nd4 Bc8 23. Qe3 Qe5 24. Nde2 Qg5 25. Nf4 Re5 26. Rd4 Rfe8 27. Nce2 Nh5 28. Nxh5+ Qxh5 29. Nf4 Qg5 30. Rfd1 Rf5 31. Ne2 Qxe3 32. fxe3 Rg5 33. Nf4 Ree5 34. Rd8 Bf5 35. h4 Rg4 36. Kf2 Rxh4 37. g3 Rh2+ 38. Ng2 Bh3 39. Rg1 Rf5+ 40. Ke1 Bxg2 41. Rd2 Rf3 42. Rdxg2 Rxe3+ 43. Kf2 Rf3+ 44. Ke2 Rh5 45. Rf2 Rxf2+ 46. Kxf2 Rh2+ 47. Ke3 Rxc2 48. b3 Rc3+ 49. Kxe4 Rxb3 50. Kf4 Rb4+ 51. Ke3 Rxa4 52. Kd2 Rb4 53. Ra1 b6 54. Kc3 0-1